[Event "Elit(Farsta-Stockholms SS)"]
[Site "?"]
[Date "2018.01.13"]
[Round "4"]
[White "Uddenfeldt, Dan"]
[Black "Namini, Armin"]
[Result "0-1"]
[WhiteElo "2354"]
[BlackElo "2191"]
[PlyCount "104"]
1. d4 Nf6 2. Nf3 g6 3. g3 Bg7 4. Bg2 O-O 5. O-O d6 6. c4 Nbd7 7. Nc3 e5 8. e4
a6 9. Re1 exd4 10. Nxd4 Ng4 11. f4 c6 12. h3 Qb6 13. Nce2 Ngf6 14. b3 Re8 15.
Be3 c5 16. Nc2 Nxe4 17. Rc1 Ndf6 18. g4 Bd7 19. Qd3 Bc6 20. b4 d5 21. bxc5 Nxc5
22. Qa3 Rxe3 23. Qxe3 Re8 24. Rb1 Qa5 25. Qc3 Qd8 26. cxd5 Nfe4 27. Bxe4 Bxc3
28. Nxc3 Bd7 29. Bg2 Qf6 30. Rxe8+ Bxe8 31. Re1 Bd7 32. Ne4 Nxe4 33. Rxe4 Qb2
34. Ne3 Kf8 35. Nc4 Qc1+ 36. Bf1 f5 37. Rd4 Qc3 38. Rd1 Qg3+ 39. Bg2 Qxf4 40.
Na5 Qa4 41. Nb3 Qxa2 42. Nc5 Qc2 43. Nxd7+ Ke7 44. Re1+ Kxd7 45. gxf5 Qxf5 46.
Re6 Qf4 47. Re4 Qg3 48. Re2 a5 49. Rf2 Qe3 50. Kf1 Qc1+ 51. Ke2 Qc4+ 52. Ke1
Qb4+ 0-1

[Event "Elit(Kungstornet-Rockaden,Sthlm)"]
[Site "?"]
[Date "2018.01.13"]
[Round "4"]
[White "Glimbrant, Torbjorn"]
[Black "Sorensen, Hampus"]
[Result "1-0"]
[WhiteElo "2274"]
[BlackElo "2215"]
[PlyCount "119"]
1. Nf3 d5 2. d4 Nf6 3. e3 e6 4. c4 c6 5. Bd3 dxc4 6. Bxc4 c5 7. O-O a6 8. dxc5
Qxd1 9. Rxd1 Bxc5 10. Nbd2 O-O 11. Be2 Nbd7 12. a3 Be7 13. Nc4 Rd8 14. Bd2 b6
15. Bc3 Bb7 16. Bd4 b5 17. Na5 Bd5 18. Ne5 Nxe5 19. Bxe5 Nd7 20. Bc3 Nc5 21.
Bb4 Bf8 22. Rac1 Nb3 23. Nxb3 Bxb3 24. Rxd8 Rxd8 25. Ba5 Rb8 26. Rc6 g6 27.
Rxa6 b4 28. axb4 Rc8 29. h3 Rc2 30. Bf3 Rxb2 31. Ra8 Bc4 32. Bb6 Rb1+ 33. Kh2
Kg7 34. Bd4+ f6 35. Bxf6+ Kf7 36. Be5 Bxb4 37. Ra7+ Kf8 38. Rxh7 Rf1 39. Rc7
Bd3 40. Rd7 Ba6 41. Bd6+ Bxd6+ 42. Rxd6 Bc4 43. Rc6 Bb3 44. Kg3 Kf7 45. h4 Kf6
46. Be4 g5 47. hxg5+ Kxg5 48. Rb6 Ba2 49. f4+ Kf6 50. Bf3 Rb1 51. Rxb1 Bxb1 52.
Kh4 e5 53. g4 exf4 54. exf4 Kg6 55. g5 Kf5 56. Kg3 Bc2 57. Bg4+ Kg6 58. Kh4 Bd3
59. f5+ Kg7 60. Kg3 1-0

[Event "Elit(Farsta-Stockholms SS)"]
[Site "?"]
[Date "2018.01.13"]
[Round "4"]
[White "Ong, Kezli"]
[Black "Cederstam Barsk, Carl"]
[Result "1-0"]
[WhiteElo "2303"]
[BlackElo "2318"]
[PlyCount "137"]
1. e4 d5 2. exd5 Qxd5 3. Nc3 Qd8 4. d4 Nf6 5. Nf3 Bg4 6. h3 Bxf3 7. Qxf3 c6 8.
Be3 e6 9. O-O-O Bb4 10. Ne4 Nxe4 11. Qxe4 Qd5 12. Qxd5 cxd5 13. c4 dxc4 14.
Bxc4 Nd7 15. Kb1 Nb6 16. Bb3 Nd5 17. Rc1 Kd7 18. Bxd5 exd5 19. Bf4 Rhc8 20.
Rxc8 Rxc8 21. Rc1 Rc4 22. Be3 Bd6 23. b3 Rb4 24. Kc2 f5 25. Kd3 Rb6 26. Rc2 a5
27. Bd2 Ra6 28. a4 Ra8 29. Rc1 b6 30. g3 Rf8 31. Rb1 f4 32. g4 Rf6 33. Re1 Rh6
34. Rh1 g5 35. f3 Bb4 36. Bc1 Rc6 37. Bb2 Re6 38. Bc1 Be1 39. Rf1 h5 40. gxh5
Bg3 41. Bd2 Rh6 42. Rh1 Rxh5 43. Ke2 Rh8 44. Kd3 Re8 45. Rf1 Re6 46. Bc1 Ke7
47. Bd2 Rh6 48. Rh1 Re6 49. Rc1 Kd8 50. Rf1 Rh6 51. Rh1 Re6 52. Rf1 Kc8 53.
Rc1+ Kb7 54. Rf1 Re7 55. Bc1 Kc6 56. Bd2 Kd7 57. Bc1 Rh7 58. Rh1 Ke6 59. Bd2
Kf5 60. b4 axb4 61. Bxb4 Ra7 62. Ra1 Bf2 63. a5 bxa5 64. Rxa5 Rd7 65. Ra6 Rb7
66. Bc5 Rb3+ 67. Ke2 Rb2+ 68. Kd1 Bh4 69. Be7 1-0

[Event "Elit(Upsala-Team Viking)"]
[Site "?"]
[Date "2018.01.13"]
[Round "4"]
[White "Ivanov, Sergey"]
[Black "Johansson, Jan"]
[Result "1-0"]
[WhiteElo "2540"]
[BlackElo "2355"]
[PlyCount "109"]
1. d4 Nf6 2. c4 e6 3. Nf3 Bb4+ 4. Nbd2 b6 5. a3 Bxd2+ 6. Qxd2 Bb7 7. e3 d6 8.
b4 Nbd7 9. Bb2 O-O 10. Be2 a5 11. O-O axb4 12. axb4 Qe7 13. Qc2 Rxa1 14. Rxa1
Ra8 15. Rxa8+ Bxa8 16. Qa4 Qd8 17. Nd2 Qb8 18. f3 e5 19. Qa1 exd4 20. Bxd4 c5
21. Bc3 cxb4 22. Bxb4 Nc5 23. Bc3 Ne8 24. Nf1 Bc6 25. Ng3 g6 26. Qd1 Qb7 27.
Qd4 f6 28. h4 b5 29. Bb4 Ne6 30. Qg4 Kf7 31. h5 Qa7 32. cxb5 Qxe3+ 33. Kh2 Bd5
34. Bc4 Qe5 35. Bc3 Qxc3 36. Bxd5 N8c7 37. Qe4 Nxd5 38. Qxd5 Qc7 39. Qb3 Ke7
40. b6 Qb8 41. Qb4 Nc5 42. Ne4 gxh5 43. Kh3 Nxe4 44. Qxe4+ Kd7 45. Qa4+ Kd8 46.
Qd4 Ke7 47. Kh4 d5 48. g3 Ke6 49. Qc5 Qg8 50. Qc6+ Ke7 51. Qc7+ Ke6 52. b7 Qg5+
53. Kh3 Qf5+ 54. Kg2 Qd3 55. Qb6+ 1-0

[Event "Elit(Upsala-Team Viking)"]
[Site "?"]
[Date "2018.01.13"]
[Round "4"]
[White "Salih, Akar"]
[Black "Agrest, Evgenij"]
[Result "0-1"]
[WhiteElo "2244"]
[BlackElo "2584"]
[PlyCount "62"]
1. e4 c6 2. c4 d5 3. exd5 cxd5 4. d4 Nf6 5. Nc3 Be6 6. Bg5 dxc4 7. Qa4+ Qd7 8.
Qd1 Nd5 9. Nf3 f6 10. Be3 Nxc3 11. bxc3 Bd5 12. Nd2 Qc6 13. Qh5+ g6 14. Qg4 Nd7
15. h4 f5 16. Qe2 Bg7 17. h5 O-O 18. f4 b5 19. hxg6 hxg6 20. Nf3 Bxf3 21. gxf3
Nb6 22. Kf2 Nd5 23. Bd2 Kf7 24. Kg3 Rh8 25. Rxh8 Rxh8 26. Bh3 Qd6 27. Re1 Bf6
28. Kg2 Rh5 29. a4 a6 30. axb5 axb5 31. Rb1 Nxf4+ 0-1

[Event "Elit(Upsala-Team Viking)"]
[Site "?"]
[Date "2018.01.13"]
[Round "4"]
[White "Westerberg, Jonathan"]
[Black "Johansson, Thomas"]
[Result "1-0"]
[WhiteElo "2507"]
[BlackElo "2216"]
[PlyCount "61"]
1. Nf3 d5 2. g3 c6 3. Bg2 Bg4 4. c4 Nf6 5. cxd5 cxd5 6. Ne5 Bc8 7. Nc3 e6 8. d4
Nc6 9. O-O Be7 10. Nxc6 bxc6 11. Na4 O-O 12. Qc2 Qa5 13. Bf4 Ba6 14. Nc5 Bxc5
15. dxc5 Nd7 16. Bd6 Rfe8 17. Rfd1 Qb5 18. e4 dxe4 19. Qxe4 Rac8 20. Qd4 e5 21.
Qc3 Qb7 22. Re1 f6 23. Qb3+ Kh8 24. Bh3 Rcd8 25. Qxb7 Bxb7 26. Bc7 Nxc5 27.
Bxd8 Rxd8 28. Red1 Rd4 29. Rxd4 exd4 30. Rd1 d3 31. b4 1-0

[Event "Elit(Upsala-Team Viking)"]
[Site "?"]
[Date "2018.01.13"]
[Round "4"]
[White "Burwick, Malte"]
[Black "Sagit, Rauan"]
[Result "0-1"]
[WhiteElo "2247"]
[BlackElo "2433"]
[PlyCount "116"]
1. Nf3 Nf6 2. g3 g6 3. Bg2 Bg7 4. O-O O-O 5. Re1 c5 6. e4 Nc6 7. c3 d6 8. h3
Rb8 9. d4 Nd7 10. Be3 b5 11. Qc1 Re8 12. Rd1 Qc7 13. Bh6 Bh8 14. Ng5 Nd8 15.
Nf3 Bb7 16. Nbd2 Rc8 17. d5 e6 18. Nf1 exd5 19. exd5 Nb6 20. Ne3 f6 21. h4 Nf7
22. Bf4 Rcd8 23. Qc2 Bc8 24. Rac1 Bg7 25. Kh2 Bh6 26. Bxh6 Nxh6 27. Bh3 Bxh3
28. Kxh3 Qd7+ 29. Kg2 Ng4 30. Nxg4 Qxg4 31. Qd3 Qc4 32. Rc2 Qxd3 33. Rxd3 Re4
34. a3 Rde8 35. Kf1 Kf7 36. Rd1 h6 37. Rcd2 f5 38. Rc2 Kf6 39. Rcd2 Nc4 40. Rc2
Nb6 41. Rcd2 a6 42. Rc2 R8e7 43. Rcd2 Nc4 44. Rc2 a5 45. Ra1 a4 46. Rac1 Nb6
47. Rd2 g5 48. hxg5+ hxg5 49. Rcd1 g4 50. Ng1 Nc4 51. Rc2 f4 52. gxf4 Rxf4 53.
Kg2 Rfe4 54. Kg3 Kf5 55. Kg2 Re1 56. Rd3 Ne5 57. Rdd2 Rxg1+ 58. Kxg1 Nf3+ 0-1

[Event "Elit(Eksjo-Team Viking)"]
[Site "?"]
[Date "2017.10.22"]
[Round "3"]
[White "Ivanov, Sergey"]
[Black "Gajic, Mladen"]
[Result "1-0"]
[WhiteElo "2535"]
[BlackElo "2287"]
[PlyCount "65"]
1. d4 Nf6 2. c4 Nc6 3. Nf3 e6 4. Nc3 Bb4 5. Qc2 O-O 6. Bd2 d6 7. a3 Bxc3 8.
Bxc3 a5 9. b3 Qe7 10. e3 e5 11. dxe5 dxe5 12. Be2 Bg4 13. O-O Rfe8 14. h3 Bh5
15. Rfd1 Bg6 16. Qb2 Ne4 17. Be1 Ng5 18. b4 Nxf3+ 19. Bxf3 e4 20. Be2 axb4 21.
axb4 f6 22. Bc3 Rxa1 23. Rxa1 b6 24. c5 Ne5 25. Bxe5 fxe5 26. Rc1 Qf6 27. cxb6
Qxb6 28. b5 Re7 29. Qb4 Kf7 30. Rc6 Qa7 31. Bc4+ Kf8 32. Re6 c5 33. bxc6 1-0

[Event "Elit(Limhamn-Upsala)"]
[Site "?"]
[Date "2017.10.22"]
[Round "3"]
[White "Sittenfeld, Johan"]
[Black "Brynell, Stellan"]
[Result "0-1"]
[WhiteElo "2167"]
[BlackElo "2415"]
[PlyCount "70"]
1. d4 Nf6 2. c4 e6 3. Nf3 b6 4. g3 Ba6 5. b3 Bb7 6. Bg2 Bb4+ 7. Bd2 a5 8. a3
Be7 9. Nc3 d5 10. Ne5 O-O 11. O-O c6 12. Bf4 Nbd7 13. Qc2 Nxe5 14. Bxe5 Ba6 15.
Rfd1 Rc8 16. Qa2 Nd7 17. Bf4 b5 18. cxb5 cxb5 19. Nb1 Rc6 20. Qd2 b4 21. e4 Nf6
22. e5 Ne4 23. Bxe4 dxe4 24. Qe1 Bd3 25. axb4 Bxb4 26. Bd2 Qxd4 27. Na3 Bxd2
28. Rxd2 Qc3 29. Rdd1 Qxb3 30. Qxa5 Ra6 31. Qc5 Rfa8 32. Nc2 Rxa1 33. Rxa1
Rxa1+ 34. Nxa1 Qd1+ 35. Kg2 Qf1# 0-1

[Event "Elit(Stockholms SS-Rockaden,Sthlm)"]
[Site "?"]
[Date "2017.10.22"]
[Round "3"]
[White "Blomqvist, Erik"]
[Black "Thorn, Eric"]
[Result "1/2-1/2"]
[WhiteElo "2521"]
[BlackElo "2320"]
[PlyCount "75"]
1. e4 e5 2. Nf3 Nc6 3. Bb5 a6 4. Ba4 Nf6 5. O-O Be7 6. d3 d6 7. c3 O-O 8. Re1
b5 9. Bc2 d5 10. Nbd2 dxe4 11. dxe4 Bc5 12. Qe2 Be6 13. b4 Bd6 14. a4 bxa4 15.
Bxa4 Ne7 16. Bb3 Bxb3 17. Nxb3 Qc8 18. Bg5 Ng6 19. Ra5 Qg4 20. h3 Qe6 21. Nfd2
h6 22. Bxf6 Nf4 23. Qf3 Qxf6 24. Rea1 Be7 25. Nc4 Qe6 26. Nbd2 f6 27. Ne3 c6
28. Rxa6 Rxa6 29. Rxa6 Rd8 30. Ndc4 Qc8 31. Ra7 Bf8 32. Kh2 Rd3 33. Ra3 h5 34.
h4 Qe6 35. Nb2 Rd2 36. Nbc4 Rd3 37. Nb2 Rd2 38. Nbc4 1/2-1/2

[Event "Elit(Eksjo-Team Viking)"]
[Site "?"]
[Date "2017.10.22"]
[Round "3"]
[White "Rothen, Hakan"]
[Black "Grandell, Anders"]
[Result "1/2-1/2"]
[WhiteElo "2264"]
[BlackElo "2243"]
[PlyCount "104"]
1. d4 Nf6 2. c4 c5 3. d5 b5 4. cxb5 a6 5. bxa6 g6 6. Nc3 Bxa6 7. e4 Bxf1 8.
Kxf1 d6 9. g3 Bg7 10. Kg2 O-O 11. Nf3 Nbd7 12. Qe2 Qb6 13. a4 Rfc8 14. Re1 Qb7
15. Nd2 Ne8 16. Nc4 Ne5 17. Bd2 Nxc4 18. Qxc4 Qxb2 19. Ra2 Qb4 20. Qd3 c4 21.
Qb1 Qa5 22. Qc2 Nc7 23. Rb1 Na6 24. Rb5 Qc7 25. Be3 Rab8 26. Rab2 Rxb5 27. Rxb5
Qd7 28. Qd2 Nc5 29. Bxc5 Rxc5 30. Rxc5 dxc5 31. Nb5 c3 32. Nxc3 Bxc3 33. Qxc3
Qxa4 34. Kf3 c4 35. Ke3 h5 36. Kd4 Qa7+ 37. Kxc4 Qxf2 38. e5 Qa2+ 39. Kd4 Qf2+
40. Qe3 Qb2+ 41. Kc5 Qb8 42. Kc4 Qc7+ 43. Kd3 Qb7 44. Qc5 Qb3+ 45. Kd4 Qd1+ 46.
Ke4 Qh1+ 47. Kf4 Qf1+ 48. Ke4 Qf5+ 49. Kd4 Qf2+ 50. Kc4 Qc2+ 51. Kd4 Qf2+ 52.
Kc4 Qc2+ 1/2-1/2

[Event "Elit(Limhamn-Upsala)"]
[Site "?"]
[Date "2017.10.22"]
[Round "3"]
[White "Helgason, Reynir"]
[Black "Cederberg, Karl Olof"]
[Result "1-0"]
[WhiteElo "2295"]
[BlackElo "2161"]
[PlyCount "131"]
1. d4 Nf6 2. c4 Nc6 3. Nf3 e6 4. Bg5 Bb4+ 5. Nc3 d6 6. a3 Bxc3+ 7. bxc3 h6 8.
Bh4 Qe7 9. e3 e5 10. Qc2 Bg4 11. Be2 O-O 12. h3 Bh5 13. g4 Bg6 14. Qb2 Be4 15.
O-O g5 16. Bg3 Rab8 17. Rae1 Bg6 18. Nd2 Nd7 19. f4 f5 20. c5 Qg7 21. cxd6 cxd6
22. Kh2 Nb6 23. fxg5 hxg5 24. gxf5 Bxf5 25. Rxf5 Rxf5 26. Rg1 Rbf8 27. Rg2 Kh8
28. Ne4 Qc7 29. Nf2 Nd5 30. e4 Rxf2 31. Rxf2 Rxf2+ 32. Bxf2 Nf4 33. d5 Qh7 34.
Bf1 Nd8 35. Qb5 Nf7 36. Qxb7 Kg7 37. Qxa7 Nxh3 38. Bxh3 g4 39. Qe3 gxh3 40.
Qxh3 Qxh3+ 41. Kxh3 Ng5+ 42. Kg2 Nxe4 43. Be1 Kf6 44. c4 Ke7 45. Bb4 Nf6 46. a4
Nd7 47. a5 Nb8 48. Kf3 Na6 49. Ba3 Kd7 50. Ke4 Kc7 51. Kd3 Nb8 52. Kc3 Nd7 53.
Kb4 Nc5 54. Kb5 Ne4 55. a6 Nc3+ 56. Ka5 Ne4 57. Bb4 Kb8 58. Kb6 Ka8 59. a7 Nf6
60. Bxd6 e4 61. Bg3 e3 62. d6 e2 63. Kc6 Kxa7 64. d7 Nxd7 65. Kxd7 Kb6 66. Kd6
1-0

[Event "Elit(Stockholms SS-Rockaden,Sthlm)"]
[Site "?"]
[Date "2017.10.22"]
[Round "3"]
[White "Lissang, Christopher"]
[Black "Hedman, Erik"]
[Result "1/2-1/2"]
[WhiteElo "2344"]
[BlackElo "2368"]
[PlyCount "36"]
1. c4 c5 2. Nf3 Nc6 3. e3 Nf6 4. Nc3 g6 5. d4 cxd4 6. exd4 d5 7. cxd5 Nxd5 8.
Qb3 e6 9. Bc4 Na5 10. Bb5+ Bd7 11. Qa4 a6 12. Bxd7+ Qxd7 13. Qxd7+ Kxd7 14.
Ne5+ Ke8 15. Nxd5 exd5 16. b3 f6 17. Nd3 Nc6 18. Be3 Nb4 1/2-1/2

[Event "Elit(Eksjo-Team Viking)"]
[Site "?"]
[Date "2017.10.22"]
[Round "3"]
[White "Sagit, Rauan"]
[Black "Thornert, Hakan"]
[Result "1-0"]
[WhiteElo "2411"]
[BlackElo "2231"]
[PlyCount "101"]
1. Nf3 d5 2. b3 Nc6 3. Bb2 Bg4 4. e3 e6 5. Be2 Nf6 6. d4 Ne4 7. Nfd2 Bxe2 8.
Qxe2 Bb4 9. c3 Nxd2 10. cxb4 Nxb1 11. Rxb1 Qd6 12. a3 O-O 13. O-O Ne7 14. Rbc1
a6 15. Rfd1 c6 16. Bc3 f5 17. Rd3 Rf6 18. Be1 Rh6 19. g3 Ng6 20. f3 e5 21. e4
Rf8 22. exd5 cxd5 23. dxe5 Nxe5 24. Re3 Nc6 25. Rd1 f4 26. Re8 Rhf6 27. Rxf8+
Rxf8 28. Bf2 Qf6 29. Kg2 Qf7 30. Re1 fxg3 31. hxg3 h6 32. Bc5 Rd8 33. Qd3 d4
34. Re4 Qd5 35. Bb6 Rd6 36. Bc7 Rd7 37. Bf4 Re7 38. Qc4 Qxc4 39. bxc4 Rxe4 40.
fxe4 Kf7 41. g4 Ke6 42. Kf3 Ne5+ 43. Bxe5 Kxe5 44. c5 g6 45. a4 h5 46. gxh5
gxh5 47. b5 axb5 48. axb5 h4 49. c6 bxc6 50. b6 Kd6 51. e5+ 1-0

[Event "Elit(Stockholms SS-Rockaden,Sthlm)"]
[Site "?"]
[Date "2017.10.22"]
[Round "3"]
[White "Engqvist, Thomas"]
[Black "Kassani, Sam"]
[Result "1-0"]
[WhiteElo "2352"]
[BlackElo "2203"]
[PlyCount "107"]
1. e4 c6 2. d4 d5 3. f3 dxe4 4. fxe4 e5 5. Nf3 Bg4 6. Bc4 Nd7 7. O-O Ngf6 8. c3
Qb6 9. Nbd2 Bd6 10. Bxf7+ Kxf7 11. Nc4 Qc7 12. dxe5 Bxe5 13. Nfxe5+ Nxe5 14.
Nxe5+ Qxe5 15. Qxg4 Rhe8 16. Bg5 Qxe4 17. Qg3 Qg6 18. Bxf6 gxf6 19. Qh4 Kg7 20.
Rf4 Re5 21. Raf1 Rf8 22. h3 a6 23. Kh2 Rg5 24. Qf2 Rf7 25. h4 Rg4 26. Rf5 h5
27. g3 Re4 28. Qf3 Rg4 29. Kh3 Kh6 30. Qe3+ Kh7 31. Kh2 Rg7 32. Rxf6 Rxg3 33.
Rxg6 Rxe3 34. Rxg7+ Kxg7 35. Rf2 Re4 36. Kg3 Rg4+ 37. Kh3 Kg6 38. Rd2 Rf4 39.
Rd7 Rf7 40. Rxf7 Kxf7 41. Kg3 Ke6 42. Kf4 Kf6 43. b4 b5 44. a3 Kf7 45. Kg5 Ke6
46. Kxh5 Kf5 47. Kh6 Ke4 48. h5 Kd3 49. Kg5 Kxc3 50. h6 Kb3 51. h7 Kxa3 52.
h8=Q Kxb4 53. Qd4+ Ka3 54. Qb6 1-0

[Event "Elit(Eksjo-Team Viking)"]
[Site "?"]
[Date "2017.10.22"]
[Round "3"]
[White "Malesevic, Nedeljko"]
[Black "Pantzar, Milton"]
[Result "1/2-1/2"]
[WhiteElo "2251"]
[BlackElo "2241"]
[PlyCount "119"]
1. d4 Nf6 2. c4 c5 3. d5 b5 4. cxb5 a6 5. bxa6 g6 6. Nc3 Bg7 7. g3 O-O 8. h4 d6
9. Nh3 Nxa6 10. Nf4 Ng4 11. Bg2 Qb6 12. O-O Bd7 13. Bh3 Ne5 14. Bxd7 Nxd7 15.
h5 Ne5 16. hxg6 hxg6 17. Qc2 Rfb8 18. Qe4 Bf6 19. Nd3 Nxd3 20. Qxd3 Qb4 21. Ne4
Bg7 22. Ng5 Qg4 23. a3 Nb4 24. Qd1 Qd4 25. e4 Qxd1 26. Rxd1 Nc2 27. Ra2 Rb3 28.
Kg2 Nb4 29. Ra1 Nd3 30. Ra2 Nxc1 31. Rxc1 Rxb2 32. Rxb2 Bxb2 33. Rc2 Bf6 34.
Nf3 Rxa3 35. Nd2 Bd4 36. Nc4 Ra1 37. Kf3 Kg7 38. Nd2 Ra3+ 39. Ke2 f5 40. Nc4
Rb3 41. exf5 gxf5 42. Na5 Ra3 43. Nc4 Ra1 44. Nd2 Ra8 45. Nb3 Be5 46. Nd2 Kf6
47. f4 Bd4 48. Nf3 Ra4 49. Kf1 Ra3 50. Kg2 Bc3 51. Re2 Ra7 52. Re6+ Kf7 53. Nh4
Bf6 54. Nxf5 Ra2+ 55. Kf3 Rd2 56. Ne3 Rd3 57. Ke2 Rd4 58. Kf3 Rd3 59. Ke2 Rd4
60. Kf3 1/2-1/2

[Event "Elit(Limhamn-Upsala)"]
[Site "?"]
[Date "2017.10.22"]
[Round "3"]
[White "Eklund, Joel"]
[Black "Thornblad, Erik"]
[Result "0-1"]
[WhiteElo "2226"]
[BlackElo "2110"]
[PlyCount "77"]
1. d4 Nf6 2. Bg5 e6 3. e3 c5 4. Nd2 d5 5. c3 Nc6 6. f4 Be7 7. Bd3 Bd7 8. Ngf3
Rc8 9. O-O cxd4 10. exd4 O-O 11. Qe2 a6 12. Ne5 b5 13. Rf3 g6 14. h4 b4 15.
Bxa6 bxc3 16. bxc3 Rb8 17. a4 Rb2 18. Bxf6 Bxf6 19. Nxd7 Qxd7 20. Bb5 Nxd4 21.
cxd4 Bxd4+ 22. Kf1 Rxb5 23. Qxb5 Qxb5+ 24. axb5 Bxa1 25. Nb3 Bf6 26. Na5 Rb8
27. Rb3 Bxh4 28. Nc6 Rb6 29. Ne5 Rb7 30. Ke2 Be7 31. Kd3 Kf8 32. Kd4 Ke8 33. b6
Bd6 34. g3 h5 35. Nc6 Kd7 36. Na5 Rb8 37. Rb1 h4 38. gxh4 Bxf4 39. Kc5 0-1

[Event "Elit(Malmo-Farsta)"]
[Site "?"]
[Date "2017.10.22"]
[Round "3"]
[White "Sammalvuo, Tapani"]
[Black "Jobava, Baadur"]
[Result "0-1"]
[WhiteElo "2702"]
[BlackElo "2419"]
[PlyCount "81"]
1. d4 d5 2. c4 c6 3. Nf3 Nf6 4. Nc3 dxc4 5. a4 g6 6. Ne5 Bg7 7. e4 Nbd7 8. Nxc4
O-O 9. a5 Ne8 10. Bg5 Nc7 11. Qd2 Ne6 12. Be3 f5 13. exf5 gxf5 14. d5 f4 15.
dxe6 fxe3 16. Qxe3 Nf6 17. Bd3 Nd5 18. Qe4 Nf6 19. Qe3 Nd5 20. Qe4 Nf6 21. Qf5
Qd4 22. h3 Qh4 23. g3 Qh6 24. O-O Nd5 25. Qe4 Bxe6 26. Rfe1 Bf5 27. Qe2 Bxh3
28. Ne5 Nf4 29. gxf4 Rxf4 30. f3 Qg5+ 31. Kf2 Bxe5 32. Bc4+ Kf8 33. Qxe5 Qg2+
34. Ke3 Rxf3+ 35. Kd4 Qf2+ 36. Re3 c5+ 37. Kd5 Rd8+ 38. Kxc5 Rf5 39. Qxf5+ Bxf5
40. Rae1 Qd2 41. Kb4 0-1

[Event "Elit(Kungstornet-LASK)"]
[Site "?"]
[Date "2017.10.22"]
[Round "3"]
[White "Tikkanen, Hans"]
[Black "Cicak, Slavko"]
[Result "1-0"]
[WhiteElo "2516"]
[BlackElo "2512"]
[PlyCount "123"]
1. d4 Nf6 2. c4 g6 3. Nc3 Bg7 4. e4 O-O 5. Nf3 d6 6. Be2 c5 7. O-O Bg4 8. d5
Bxf3 9. Bxf3 Nbd7 10. Be3 Re8 11. Be2 a6 12. Qc2 e6 13. dxe6 Rxe6 14. Rad1 Qf8
15. f4 Rae8 16. Bf3 Nb8 17. e5 dxe5 18. f5 gxf5 19. Qxf5 Nc6 20. Bxc6 Rxc6 21.
Rf3 Qe7 22. Nd5 Nxd5 23. cxd5 Rf6 24. d6 Qd8 25. Bg5 Rxf5 26. Bxd8 Rxf3 27. Be7
Rf4 28. d7 Rxe7 29. d8=Q+ Bf8 30. Rd3 h5 31. Qc8 f6 32. Rg3+ Kf7 33. h3 c4 34.
Rf3 Rd4 35. Qf5 Bg7 36. Qxh5+ Ke6 37. Qf5+ Kd6 38. b3 e4 39. Re3 Re5 40. Qc8
Rd3 41. Qxb7 Rxe3 42. Qxa6+ Ke7 43. Qa7+ Ke6 44. Qb6+ Kf7 45. Qxe3 Bf8 46. Kf1
Bc5 47. Qc3 cxb3 48. Qc4+ Kf8 49. axb3 e3 50. Ke2 Rf5 51. b4 Rf2+ 52. Ke1 Be7
53. Qe4 Rb2 54. Qxe3 Bxb4+ 55. Kf1 Bd6 56. Qh6+ Kf7 57. Qh7+ Ke6 58. h4 Ke5 59.
Qh5+ Ke6 60. Qg6 Be5 61. h5 Kd5 62. h6 1-0

[Event "Elit(Malmo-Farsta)"]
[Site "?"]
[Date "2017.10.22"]
[Round "3"]
[White "Grandelius, Nils"]
[Black "Degerman, Lars"]
[Result "1/2-1/2"]
[WhiteElo "2653"]
[BlackElo "2451"]
[PlyCount "118"]
1. c4 c5 2. Nf3 Nf6 3. Nc3 Nc6 4. d4 cxd4 5. Nxd4 e6 6. a3 Be7 7. e4 O-O 8. Nf3
d6 9. Be2 b6 10. O-O Bb7 11. Bf4 Ne5 12. Nd2 Rc8 13. Bg3 Ned7 14. f4 Nc5 15.
Bf3 d5 16. exd5 exd5 17. b4 Ne6 18. Nxd5 Nxd5 19. cxd5 Bxd5 20. Ne4 Bc4 21. Re1
Nd4 22. Bf2 Nxf3+ 23. Qxf3 Qd3 24. Re3 Qc2 25. Rc3 Qe2 26. Rac1 Qxf3 27. gxf3
Be6 28. Rc7 a5 29. Be3 Rfe8 30. Rxc8 Rxc8 31. Rxc8+ Bxc8 32. Bxb6 axb4 33. axb4
Bxb4 34. Kf2 f6 35. Bc7 Bd7 36. Bd6 Ba5 37. Bc5 Kf7 38. Bd6 Bb6+ 39. Bc5 Bc7
40. Bd6 Ba5 41. Bc5 Bc6 42. Bd6 h5 43. h4 Kg6 44. Bc5 Ba4 45. Bd6 Bc2 46. Bc5
Kf7 47. Ng3 g6 48. Ne4 Ke6 49. Bd4 Bd8 50. Kg3 Be7 51. Bc5 Bd8 52. Bd4 Bb1 53.
Nc3 Bd3 54. Ne4 Bc2 55. Kf2 Be7 56. Bc5 Bxe4 57. Bxe7 Bxf3 58. Bd8 Bc6 59. Kg3
Kf5 1/2-1/2

[Event "Elit(Kungstornet-LASK)"]
[Site "?"]
[Date "2017.10.22"]
[Round "3"]
[White "von Bahr, Oskar"]
[Black "Antonsen, Mikkel"]
[Result "0-1"]
[WhiteElo "2431"]
[BlackElo "2441"]
[PlyCount "73"]
1. e4 e5 2. Nf3 Nf6 3. Nxe5 d6 4. Nf3 Nxe4 5. Nc3 Nxc3 6. dxc3 Be7 7. Be3 O-O
8. Qd2 Nd7 9. O-O-O c6 10. Kb1 d5 11. c4 Nb6 12. cxd5 Nxd5 13. Bc4 Be6 14. Rhe1
Bf6 15. Bd4 b5 16. Bb3 a5 17. a3 a4 18. Ba2 Be7 19. c4 bxc4 20. Bxc4 Rb8 21.
Ka1 Bf6 22. Be5 Bxe5 23. Nxe5 Rb6 24. Qd4 Qc7 25. Rd3 Rfb8 26. Rg3 c5 27. Qh4
Rxb2 28. Rxg7+ Kxg7 29. Qg5+ Kf8 30. Qh6+ Ke8 31. Nxf7 Rb1+ 32. Rxb1 Rxb1+ 33.
Kxb1 Qxf7 34. Qd2 Qg6+ 35. Bd3 Qxg2 36. Qe1 Qh3 37. Qe5 0-1

[Event "Elit(Malmo-Farsta)"]
[Site "?"]
[Date "2017.10.22"]
[Round "3"]
[White "Ernst, Thomas"]
[Black "Pantsulaia, Levan"]
[Result "0-1"]
[WhiteElo "2371"]
[BlackElo "2593"]
[PlyCount "72"]
1. e4 c5 2. Nf3 e6 3. d4 cxd4 4. Nxd4 a6 5. Bd3 Nf6 6. O-O e5 7. Bg5 h6 8. Bxf6
Qxf6 9. Nf5 g6 10. Ne3 Bc5 11. Nd5 Qd8 12. b4 Ba7 13. Nd2 d6 14. Nc4 O-O 15.
Kh1 Nc6 16. c3 Be6 17. Nce3 Rc8 18. Rc1 Kg7 19. Bc4 Nb8 20. Bb3 Nd7 21. Qd3 Qg5
22. Nc4 Bxd5 23. exd5 Qe7 24. f4 e4 25. Qe2 f5 26. a4 Rc7 27. Qd2 Rfc8 28. Ne3
Qf6 29. c4 Qd4 30. Qxd4+ Bxd4 31. Nc2 Bc3 32. a5 Bd2 33. Rb1 Rxc4 34. Bxc4 Rxc4
35. Rb2 Nf6 36. b5 Nxd5 0-1

[Event "Elit(Kungstornet-LASK)"]
[Site "?"]
[Date "2017.10.22"]
[Round "3"]
[White "Smith, Axel"]
[Black "Lyrberg, Patrik"]
[Result "1/2-1/2"]
[WhiteElo "2509"]
[BlackElo "2460"]
[PlyCount "98"]
[EventDate "2017.??.??"]
1. Nf3 c6 2. c4 d5 3. e3 Nf6 4. Nc3 g6 5. d4 Bg7 6. Be2 O-O 7. O-O Ne4 8. Qb3
Nxc3 9. bxc3 b6 10. a4 Ba6 11. Re1 Bxc4 12. Bxc4 dxc4 13. Qxc4 Qd5 14. Qd3 c5
15. e4 Qd7 16. d5 c4 17. Qc2 Na6 18. Ba3 Rac8 19. Nd4 Rfe8 20. Nc6 e6 21. Rad1
Bf6 22. Rf1 exd5 23. exd5 Kg7 24. h3 Nc7 25. Nb4 a5 26. d6 axb4 27. dxc7 Qxc7
28. Bxb4 Re6 29. Rfe1 Rce8 30. Rxe6 Rxe6 31. Qd2 Qc6 32. a5 bxa5 33. Bxa5 Qe8
34. Kf1 Qb8 35. Kg1 Qe5 36. Bb4 Qe2 37. Qxe2 Rxe2 38. Rc1 h5 39. Kf1 Rd2 40.
Re1 Rd3 41. Re4 Bxc3 42. Rxc4 Bxb4 43. Rxb4 Rd2 44. h4 Ra2 45. g3 Rc2 46. Kg2
Ra2 47. Rb7 Rc2 48. Rd7 Ra2 49. Rb7 Rc2 1/2-1/2

[Event "Elit(Malmo-Farsta)"]
[Site "?"]
[Date "2017.10.22"]
[Round "3"]
[White "Carlsson, Pontus"]
[Black "Livner, Anders"]
[Result "1/2-1/2"]
[WhiteElo "2449"]
[BlackElo "2364"]
[PlyCount "45"]
1. e4 c6 2. d4 d5 3. Nd2 dxe4 4. Nxe4 Bf5 5. Ng3 Bg6 6. h4 h6 7. Nf3 Nd7 8. h5
Bh7 9. Bd3 Bxd3 10. Qxd3 e6 11. Bd2 Ngf6 12. O-O-O Be7 13. Qe2 O-O 14. Nf1 c5
15. g4 cxd4 16. g5 Nd5 17. gxh6 Qb6 18. Rg1 Ba3 19. Rxg7+ Kh8 20. bxa3 Nc3 21.
Rh7+ Kg8 22. Rg7+ Kh8 23. Rh7+ 1/2-1/2

[Event "Elit(Kungstornet-LASK)"]
[Site "?"]
[Date "2017.10.22"]
[Round "3"]
[White "Backlund, Anders"]
[Black "Ahlander, Bjorn"]
[Result "0-1"]
[WhiteElo "2305"]
[BlackElo "2433"]
[PlyCount "98"]
1. e4 c5 2. Nf3 d6 3. d4 cxd4 4. Nxd4 Nf6 5. Nc3 a6 6. h3 e5 7. Nde2 h5 8. g3
b5 9. Bg2 Bb7 10. O-O Nbd7 11. a4 b4 12. Nd5 Nxd5 13. exd5 Be7 14. a5 Rc8 15.
Qd2 Nf6 16. Qxb4 Bxd5 17. Bxd5 Nxd5 18. Qb7 Nc7 19. Be3 Rb8 20. Qc6+ Qd7 21.
Qxd7+ Kxd7 22. b3 Nd5 23. Bd2 Rhc8 24. Ra2 f5 25. Rd1 Ke6 26. Re1 Kd7 27. Rd1
Nb4 28. Bxb4 Rxb4 29. Rd3 Bf6 30. Kf1 Rc5 31. Rc3 Rd5 32. Rc4 Rxc4 33. bxc4
Rd1+ 34. Kg2 Rd2 35. Kf1 Rd1+ 36. Kg2 e4 37. c3 g5 38. Rb2 Be5 39. Rb7+ Ke6 40.
Rb6 f4 41. gxf4 gxf4 42. f3 Rd2 43. Kf2 Bxc3 44. Ke1 Bxa5 45. Rxa6 Ra2+ 46. Kf1
Ke5 47. Ng1 Kd4 48. Rxd6+ Ke3 49. Re6 Rf2# 0-1